Príručka k dejinám spisovnej slovenčiny

Podrobná bibliografia
Hlavní autori: Krajčovič, Rudolf, 1927-2014 (Autor), Žigo, Pavol, 1953- (Autor)
Médium: Kniha
Jazyk:slovenčina
Fyzický popis:188 s. 21 cm
Vydavateľské údaje: Bratislava Univerzita Komenského 1999
ISBN:8022312983
Vydanie:1. vyd.
Predmet:

MARC

LEADER 00000nam a2200000 a 4500
001 vtls001379139
003 SK-MaSNL
005 20260301161331.0
008 240313s1999 xo a r y slo
015 |a SNBA2000/02-00505 
020 |a 8022312983 
035 |a SNK000333108 
035 |a urn:nbn:sk:snk-amk3ox 
035 |a urn:nbn:sk:snk-am005d5g 
035 |a 05F18BA3-ECA0-48EC-A36C-089E6B39A41E 
040 |a SNK  |b slo  |c SNK  |e AACR2 
041 0 |a slo 
044 |a xo  |c SK 
072 7 |a 811.162.4  |x Slovenčina  |2 konspekt 
080 |a 811.162.4'271.12  |2 2001 
080 |a 81'271.12  |2 2011 
080 |a 811.162.4  |2 2011 
080 |a (035)  |2 2011 
080 |a (075.8)  |2 2011 
100 1 |a Krajčovič, Rudolf,  |d 1927-2014  |4 aut  |9 184229 
245 1 0 |a Príručka k dejinám spisovnej slovenčiny  |c Rudolf Krajčovič, Pavol Žigo 
250 |a 1. vyd. 
260 |a Bratislava  |b Univerzita Komenského  |c 1999 
300 |a 188 s.  |c 21 cm 
500 |a 400 výt. 
504 |a Bibliogr. s. 185-186 
650 0 7 |a spisovná slovenčina  |2 SNKPH  |9 66941 
650 0 7 |a spisovný jazyk  |2 SNKPH  |9 1367 
650 0 7 |a slovenčina  |2 SNKPH  |9 1350 
650 0 7 |a Literary Slovak  |2 SNKPHeng  |9 310270 
650 0 7 |a Literary Slovak  |x history  |2 SNKPHeng  |9 328880 
650 0 7 |a Literary language  |2 SNKPHeng  |9 289531 
650 0 7 |a Slovak language  |2 SNKPHeng  |9 266031 
655 7 |a príručky  |2 SNKPH  |9 74364 
655 7 |a učebnice vysokých škôl  |2 SNKPH  |9 70191 
655 7 |a Handbooks, manuals, etc.  |2 SNKPHeng  |9 90964 
655 7 |a Textbooks (higher)  |2 SNKPHeng  |9 276436 
700 1 |a Žigo, Pavol,  |d 1953-  |4 aut  |9 215820 
919 |a 80-223-1298-3 
958 |a TL 
958 |a NB 
999 |c 809039  |d 810969 
952 |t P60, <03>, [BOOK], {603}  |a SNK  |b SNK  |y PREZ  |7 0  |p 17A0222301  |o snkSC 100351  |i snkKSP 12260/99  |0 0  |1 0  |4 0  |d 1999-12-14  |f 1  |l 0  |r 2025-09-19 00:00:00  |w 2026-02-24 
952 |t P60, <07>, [BOOK], {604}  |a SNK  |b SNK  |y VYP  |7 0  |p 17A0222302  |o snkSC 100351 D1  |i snkKSP 12261/99  |8 0  |0 0  |1 0  |4 0  |d 1999-12-14  |l 0  |r 2005-01-02 00:00:00  |w 2026-02-24